[Event "12th Open"]
[Site "Dubai UAE"]
[Date "2010.04.08"]
[Round "4"]
[White "Sharbaf,M"]
[Black "Pantsulaia,L"]
[Result "0-1"]
[WhiteElo "2373"]
[BlackElo "2588"]
[EventDate "2010.04.05"]

1. e4 c6 2. d4 d5 3. Nd2 dxe4 4. Nxe4 Bf5 5. Ng3 Bg6 6. h4 h6 7. N1e2 Nf6
8. Nf4 Bh7 9. Bc4 e6 10. O-O Bd6 11. Re1 O-O 12. Ngh5 Nxh5 13. Nxh5 Bg6 14.
Nf4 Bxf4 15. Bxf4 Qxh4 16. g3 Qf6 17. Be5 Qe7 18. c3 Nd7 19. Bf4 Nb6 20.
Bb3 Nd5 21. Be5 Rad8 22. Qg4 Kh7 23. Kg2 f6 24. Bf4 Bf5 25. Qf3 Qf7 26. Bd2
Qg6 27. c4 Bg4 28. Qe4 Qxe4+ 29. Rxe4 Bf5 30. Ree1 Nb6 31. Bb4 Rfe8 32.
Rad1 Kg6 33. a4 Nd7 34. Bd6 e5 35. d5 Rc8 36. Rc1 b6 37. a5 cxd5 38. cxd5
Nc5 39. Bxc5 bxc5 40. Ba4 Red8 41. Bc6 Rb8 42. Rxc5 Rxb2 43. Kf3 h5 44. Re3
Rdb8 45. Rec3 Rd2 46. Bb5 Rd4 47. Ke3 Rd8 48. Bc4 Rd7 49. f3 Kg5 50. a6 Rd1
51. Bd3 Bxd3 52. Rxd3 Ra1 53. Rc6 Kf5 54. f4 exf4+ 55. gxf4 Ra4 56. Rd4
Ra3+ 57. Kd2 h4 58. d6 h3 59. Rc5+ Kg4 60. f5+ Kg3 61. Rcc4 h2 62. Rg4+ Kf2
63. Rh4 Rxd6+ 64. Kc2 Kg2 65. Kb2 Rh3 0-1

[Event "12th Open"]
[Site "Dubai UAE"]
[Date "2010.04.08"]
[Round "4"]
[White "Makropoulou,M"]
[Black "Sanikidze,T"]
[Result "0-1"]
[WhiteElo "2225"]
[BlackElo "2566"]
[EventDate "2010.04.05"]

1. e4 c5 2. Nf3 a6 3. c3 d5 4. exd5 Qxd5 5. d4 Nf6 6. Be2 cxd4 7. cxd4 e6
8. O-O Nc6 9. Nc3 Qd6 10. Bg5 Be7 11. Re1 O-O 12. Qd2 Nd5 13. Nxd5 Qxd5 14.
Bxe7 Nxe7 15. Bd3 Qd6 16. Rac1 Rd8 17. Qg5 h6 18. Qh5 Bd7 19. Be4 Be8 20.
Qh4 Bc6 21. a3 Rac8 22. h3 Bxe4 23. Qxe4 Qb6 24. Rxc8 Rxc8 25. Ne5 Nd5 26.
Re2 Rc7 27. Kh2 Qb3 28. g3 Qd1 29. Nd3 Rc4 30. Re1 Qb3 31. Re2 b6 32. Ne5
Rc7 33. Kg2 Qd1 34. Nd3 Qb3 35. Ne5 Rc1 36. Nxf7 Qd1 37. Nxh6+ Kf8 38. Qf3+
Ke7 39. Qf7+ Kd8 40. Qg8+ Kc7 41. Qf7+ Kb8 42. Qe8+ Kb7 43. Qf7+ Rc7 44.
Qf3 Rc2 0-1

[Event "12th Open"]
[Site "Dubai UAE"]
[Date "2010.04.08"]
[Round "4"]
[White "Lopez Martinez,Josep"]
[Black "Agaragimov,D"]
[Result "1-0"]
[WhiteElo "2548"]
[BlackElo "2304"]
[EventDate "2010.04.05"]

1. d4 Nf6 2. c4 g6 3. Nc3 Bg7 4. e4 d6 5. Nf3 O-O 6. Be2 c5 7. O-O cxd4 8.
Nxd4 Nc6 9. Be3 Nxd4 10. Bxd4 a5 11. Qd3 a4 12. Kh1 Qa5 13. Rab1 Be6 14. f4
Rfc8 15. b3 axb3 16. axb3 Bd7 17. Qe3 e5 18. fxe5 dxe5 19. Bb6 Qa3 20. h3
Ra6 21. Rf3 Be6 22. c5 Qb4 23. Rbf1 Ra3 24. Rxf6 Bxf6 25. Rxf6 Rxb3 26. Rf3
Ra8 27. Bc7 Qd4 28. Qxd4 exd4 29. Nd5 Ra1+ 30. Kh2 Rxf3 31. Bxf3 d3 32. Kg3
d2 33. Ne3 Bb3 34. e5 Rc1 35. Kf2 d1=Q 36. Bxd1 1-0

[Event "12th Open"]
[Site "Dubai UAE"]
[Date "2010.04.08"]
[Round "4"]
[White "Arutinian,D"]
[Black "Shiven,K"]
[Result "1-0"]
[WhiteElo "2576"]
[BlackElo "2305"]
[EventDate "2010.04.05"]

1. c4 Nf6 2. Nc3 g6 3. d4 Bg7 4. e4 d6 5. Nf3 O-O 6. Be2 e5 7. O-O Na6 8.
Re1 Qe8 9. Bf1 Bg4 10. d5 Nb4 11. Be2 a5 12. Be3 Na6 13. Nd2 Bd7 14. Rb1
Kh8 15. b3 Ng8 16. a3 Bh6 17. Bxh6 Nxh6 18. b4 axb4 19. axb4 c5 20. dxc6
bxc6 21. Nf1 Qe7 22. Qd2 Ng8 23. Red1 Be6 24. Qxd6 Qxd6 25. Rxd6 Rfb8 26.
b5 cxb5 27. cxb5 Nc5 28. Rc6 Rc8 29. Rxc8 Rxc8 30. Ne3 Nb3 31. b6 Nf6 32.
Ned5 Nd2 33. b7 Rb8 34. Rb2 Ndxe4 35. Nxe4 Nxe4 36. Nc7 Nd6 37. Nxe6 fxe6
38. Ba6 Kg8 39. Rb6 Nxb7 40. Rxb7 Rd8 41. g3 Rd4 42. Re7 e4 43. Kf1 Kf8 44.
Rxe6 Kf7 45. Rb6 h5 46. h4 Rd2 47. Bb7 1-0

[Event "12th Open"]
[Site "Dubai UAE"]
[Date "2010.04.08"]
[Round "4"]
[White "Maisuradze,N"]
[Black "Ghane,S"]
[Result "0-1"]
[WhiteElo "2254"]
[BlackElo "2375"]
[EventDate "2010.04.05"]

1. d4 e6 2. c4 Nf6 3. Nc3 Bb4 4. e3 b6 5. Bd3 Bb7 6. f3 c5 7. a3 Bxc3+ 8.
bxc3 Nc6 9. Ne2 d6 10. e4 Qd7 11. O-O Ba6 12. f4 O-O-O 13. Rf3 Na5 14. e5
Ng4 15. h3 Nh6 16. exd6 Bb7 17. Rg3 Nf5 18. Bxf5 exf5 19. dxc5 bxc5 20. Be3
Qc6 21. Qd5 Rhe8 22. Kf2 Qxd5 23. cxd5 Nc4 24. Bxc5 Nd2 25. Bxa7 Ne4+ 26.
Kg1 Nxg3 27. Nxg3 Rxd6 28. c4 g6 29. Kf2 Rd7 30. Bd4 Rc7 31. c5 Bxd5 32.
Rc1 Ra7 33. Rc3 Ra4 34. Be3 Rc4 35. Rxc4 Bxc4 36. h4 Kd7 37. Bd2 Kc6 38.
Bb4 Bb5 39. Nf1 Bxf1 40. Kxf1 Re4 41. g3 Kd5 42. Kf2 Re6 43. Kf3 Kd4 44.
Kf2 Kd3 45. Ba5 Kc4 46. Bb4 h6 47. Kf3 Kd4 48. Kf2 Kd3 49. Ba5 Re2+ 50. Kf3
Rc2 51. Bb4 Rc4 52. Kf2 Ke4 53. Ke2 f6 54. Kd2 g5 55. hxg5 fxg5 56. fxg5
hxg5 57. Ke2 Rc2+ 58. Kd1 Kd3 59. a4 Ra2 60. Kc1 Rxa4 61. Bd2 Rc4+ 62. Kd1
f4 63. gxf4 gxf4 64. Ke1 Ke4 0-1

[Event "12th Open"]
[Site "Dubai UAE"]
[Date "2010.04.08"]
[Round "4"]
[White "Gagunashvili,M"]
[Black "Lalith,B"]
[Result "1/2-1/2"]
[WhiteElo "2582"]
[BlackElo "2493"]
[EventDate "2010.04.05"]

1. e4 c6 2. d4 d5 3. e5 Bf5 4. Nf3 e6 5. Be2 Nd7 6. O-O h6 7. Nbd2 Ne7 8.
Nb3 Bh7 9. a4 Ng6 10. a5 Be7 11. a6 b6 12. c4 O-O 13. cxd5 cxd5 14. Be3 Rc8
15. Qd2 f6 16. exf6 Nxf6 17. Rfc1 Ne4 18. Rxc8 Qxc8 19. Qd1 Bd6 20. Nc1 Ne7
21. Nd3 Nf5 22. Nde5 Nxe3 23. fxe3 Qd8 24. Bd3 Bxe5 25. dxe5 Ng5 26. Bxh7+
Kxh7 27. Nd4 Qe8 28. Qd3+ Ne4 29. Rf1 Rxf1+ 30. Qxf1 Qb8 31. Nxe6 Qxe5 32.
Nf8+ Kg8 33. Ng6 Qg5 34. Qf8+ Kh7 35. Nf4 Nf6 36. Qc8 h5 37. Qc7 Kg8 38.
Qc8+ Kh7 39. Qc2+ 1/2-1/2

[Event "12th Open"]
[Site "Dubai UAE"]
[Date "2010.04.10"]
[Round "5"]
[White "Iordachescu,V"]
[Black "Shengelia,D"]
[Result "1-0"]
[WhiteElo "2621"]
[BlackElo "2567"]
[EventDate "2010.04.05"]

1. e4 c6 2. d4 d5 3. e5 Bf5 4. Nf3 e6 5. Be2 Nd7 6. O-O Ne7 7. Nbd2 Ng6 8.
Ne1 Nf4 9. Bg4 Bxg4 10. Qxg4 Ng6 11. Ndf3 Be7 12. Nd3 h5 13. Qg3 Bh4 14.
Qh3 Be7 15. c3 Ndf8 16. Bd2 Nh4 17. Nxh4 Bxh4 18. Nc5 Rb8 19. Nd3 Be7 20.
Rae1 b6 21. b3 Rb7 22. Qg3 Ng6 23. Re2 Kf8 24. Qh3 Nh4 25. Ne1 Kg8 26. Qd3
Nf5 27. g3 g6 28. h3 Bf8 29. Ng2 Bh6 30. Be1 Rc7 31. g4 hxg4 32. hxg4 Nh4
33. f4 Nxg2 34. Rxg2 c5 35. f5 cxd4 36. cxd4 Qg5 37. fxe6 Qe3+ 38. Qxe3
Bxe3+ 39. Bf2 Bf4 40. exf7+ Rxf7 41. Re1 Rh3 42. g5 Rf5 43. Rg4 Kf7 44. Re2
Rc3 45. Be1 Rc1 46. e6+ Ke7 47. Kg2 Rc6 48. Bb4+ Bd6 49. Bd2 Bc7 50. Rh4
Rxe6 51. Rh7+ Rf7 52. Bb4+ Bd6 53. Rxe6+ Kxe6 54. Rxf7 Bxb4 55. Rf6+ Ke7
56. Rxg6 1-0

[Event "12th Open"]
[Site "Dubai UAE"]
[Date "2010.04.10"]
[Round "5"]
[White "Iturrizaga,E"]
[Black "Harika,D"]
[Result "1-0"]
[WhiteElo "2604"]
[BlackElo "2473"]
[EventDate "2010.04.05"]

1. b3 e5 2. Bb2 Nc6 3. e3 d6 4. c4 g6 5. d4 exd4 6. Nf3 Bg7 7. Be2 Bg4 8.
Na3 Nge7 9. Nb5 Bxf3 10. Bxf3 Nf5 11. Nxd4 Ncxd4 12. exd4 Qe7+ 13. Kf1 c5
14. Qd2 O-O 15. dxc5 dxc5 16. Re1 Qc7 17. Bxg7 Nxg7 18. g3 Rad8 19. Bd5 b5
20. Kg2 bxc4 21. bxc4 Nf5 22. h4 h5 23. Re4 Qd6 24. Rhe1 Qf6 25. Qa5 Qb6
26. Qc3 Nd4 27. Re7 Rb8 28. Qd2 Nf5 29. R7e6 fxe6 30. Rxe6 Qxe6 31. Bxe6+
Kg7 32. Qd7+ Kh6 33. Qxa7 Ne3+ 34. Kh3 Rb2 35. Qxc5 Rfxf2 36. Qxe3+ Kh7 37.
Qa7+ Kh6 38. Qe3+ Kh7 39. g4 Rh2+ 40. Kg3 1-0

[Event "12th Open"]
[Site "Dubai UAE"]
[Date "2010.04.10"]
[Round "5"]
[White "Pantsulaia,L"]
[Black "Kotanjian,T"]
[Result "0-1"]
[WhiteElo "2588"]
[BlackElo "2522"]
[EventDate "2010.04.05"]

1. Nf3 d5 2. c4 e6 3. b3 Nf6 4. Bb2 Be7 5. g3 O-O 6. Bg2 c5 7. O-O Nc6 8.
e3 b6 9. Nc3 Ba6 10. Qe2 Rc8 11. Rfd1 e5 12. d3 d4 13. Nd5 Bd6 14. Bh3 Nxd5
15. cxd5 Ne7 16. e4 Rc7 17. Nd2 f5 18. Nf3 h6 19. Nh4 fxe4 20. Be6+ Kh8 21.
Qxe4 Rf6 22. Re1 Bb7 23. Qg4 Qa8 24. Re4 Bxd5 25. Bxd5 Qxd5 26. Rae1 Qf7
27. R4e2 g5 28. Ng2 Rc8 29. Bc1 Rg8 30. Bd2 Qg6 31. h4 Qf5 32. Qxf5 Rxf5
33. hxg5 hxg5 34. Rc1 Nd5 35. Ne1 g4 36. Nc2 Kg7 37. Kg2 Rh8 38. Rh1 Rxh1
39. Kxh1 Be7 40. Na3 Bg5 41. Be1 Kf6 42. Nc4 Ke6 43. a4 a6 44. Rc2 Rf3 45.
Re2 Bf6 46. Nb2 b5 47. axb5 axb5 48. Kg2 Nc3 49. Rd2 e4 50. dxe4 Nxe4 51.
Rd3 Rxd3 52. Nxd3 c4 53. bxc4 bxc4 54. Nf4+ Ke5 55. f3 gxf3+ 56. Kxf3 Bg5
57. Ng6+ Kd5 58. Ba5 c3 59. Bb4 c2 60. Ba3 d3 0-1

[Event "12th Open"]
[Site "Dubai UAE"]
[Date "2010.04.10"]
[Round "5"]
[White "Sanikidze,T"]
[Black "Fedorov,Alex"]
[Result "1-0"]
[WhiteElo "2566"]
[BlackElo "2618"]
[EventDate "2010.04.05"]

1. d4 Nf6 2. c4 g6 3. Nc3 Bg7 4. e4 d6 5. Nf3 O-O 6. Be2 e5 7. O-O Nc6 8.
d5 Ne7 9. Be3 Ng4 10. Bd2 f5 11. Ng5 Nf6 12. exf5 Nxf5 13. Bd3 c6 14. Nce4
Nxe4 15. Nxe4 h6 16. Bc3 cxd5 17. cxd5 Bd7 18. a4 Be8 19. Qb3 Rb8 20. a5
Bf7 21. Bb4 Rc8 22. Bc3 Rc7 23. Rad1 Re8 24. Bb1 Nd4 25. Bxd4 exd4 26. Qg3
Rd7 27. b4 Qe7 28. f4 Bxd5 29. Rde1 Bf7 30. Ng5 hxg5 31. Rxe7 Rdxe7 32.
Qxg5 Re1 33. Bd3 Rxf1+ 34. Kxf1 Re3 35. Bxg6 Bc4+ 36. Kf2 Re2+ 37. Kf3 Re3+
38. Kg4 d3 39. Qd8+ Bf8 40. Qc7 1-0

[Event "12th Open"]
[Site "Dubai UAE"]
[Date "2010.04.10"]
[Round "5"]
[White "Baklan,V"]
[Black "Sharapov,E"]
[Result "1-0"]
[WhiteElo "2644"]
[BlackElo "2498"]
[EventDate "2010.04.05"]

1. e4 c6 2. d4 d5 3. e5 c5 4. Nf3 Nc6 5. c4 Bg4 6. cxd5 Bxf3 7. Qxf3 Nxd4
8. Qd1 Qxd5 9. Bb5+ Kd8 10. O-O Qxe5 11. Re1 Qd6 12. Bc4 e6 13. b4 Nf6 14.
Bb2 Qd7 15. Nd2 Ke8 16. Nf3 Rd8 17. Ne5 Qc7 18. Qa4+ Nc6 19. Nxf7 Kxf7 20.
Bxe6+ Ke8 21. b5 Ne7 22. Be5 Qb6 23. Qc4 Nfd5 24. Bg3 1-0

[Event "12th Open"]
[Site "Dubai UAE"]
[Date "2010.04.10"]
[Round "5"]
[White "Gelashvili,T"]
[Black "Ibrahimov,R"]
[Result "1/2-1/2"]
[WhiteElo "2621"]
[BlackElo "2538"]
[EventDate "2010.04.05"]

1. d4 Nf6 2. Nf3 e6 3. e3 b6 4. Bd3 Bb7 5. O-O c5 6. c4 Be7 7. Nc3 cxd4 8.
exd4 d5 9. cxd5 Nxd5 10. Ne5 O-O 11. Qh5 g6 12. Qf3 Nc6 13. Bh6 Nxd4 14.
Qe4 Bc5 15. Bxf8 f5 16. Qe1 Nf4 17. Be4 fxe4 18. Bh6 Qh4 19. Bxf4 Qxf4 20.
Nc4 Ba6 21. Ne2 Qg4 22. Nxd4 Bxc4 23. h3 Qh4 24. Nb3 Bxf1 25. Qxf1 e3 26.
Nxc5 exf2+ 27. Qxf2 Qxf2+ 28. Kxf2 bxc5 29. Rc1 Rd8 30. Rxc5 Rd2+ 31. Kf3
Rxb2 32. Rc8+ 1/2-1/2

[Event "12th Open"]
[Site "Dubai UAE"]
[Date "2010.04.10"]
[Round "5"]
[White "Lalith,B"]
[Black "Volkov,Sergey1"]
[Result "0-1"]
[WhiteElo "2493"]
[BlackElo "2612"]
[EventDate "2010.04.05"]

1. Nf3 d5 2. d4 Nf6 3. c4 c6 4. Nc3 a6 5. c5 Nbd7 6. Bf4 Nh5 7. e3 g6 8.
Bd3 Bg7 9. O-O O-O 10. Bg5 Bf6 11. Bh6 Bg7 12. Bg5 Re8 13. e4 dxe4 14. Bxe4
Ndf6 15. Bc2 Be6 16. Re1 Nd5 17. Qd2 Nb4 18. Be4 Nf6 19. a3 Nbd5 20. Bc2
Nc7 21. h3 Nfd5 22. Rad1 a5 23. Ne4 Qc8 24. Bh6 f6 25. Re2 Qd7 26. Rde1 Bf7
27. Nh2 Ne6 28. Bxg7 Kxg7 29. Rd1 Nef4 30. Ree1 g5 31. Ng3 Bg6 32. Nhf1
Nxg2 33. Kxg2 Nf4+ 34. Kg1 Qxh3 35. f3 Rad8 36. Qf2 Qh6 37. Qd2 Qh3 38. Qf2
Qh6 39. Qd2 Qh4 40. Bxg6 Nh3+ 41. Kg2 hxg6 42. Re4 Nf4+ 43. Kg1 e5 44. Qe1
Nh3+ 45. Kg2 Nf4+ 46. Kg1 Qh3 47. Rd2 Rd5 48. Ne3 Rxd4 49. Rh2 Qd7 50. Rxd4
exd4 51. Ne4 Rxe4 52. fxe4 dxe3 53. Qxe3 Qd1+ 54. Kf2 Qc2+ 55. Kg1 Qd1+ 56.
Kf2 a4 57. Kg3 Nh5+ 58. Kf2 Qc2+ 59. Qe2 Qxc5+ 60. Qe3 Qe5 61. Kg1 Nf4 62.
Qa7 Qb5 63. Rd2 g4 64. Rd7+ Kh6 65. Qe3 g5 66. Rd2 Qe5 67. Kf1 Kg6 68. Qd4
Qb5+ 69. Kf2 g3+ 70. Kxg3 Ne2+ 71. Rxe2 Qxe2 0-1

[Event "12th Open"]
[Site "Dubai UAE"]
[Date "2010.04.10"]
[Round "5"]
[White "Guseinov,G"]
[Black "Harutjunyan,G"]
[Result "1-0"]
[WhiteElo "2609"]
[BlackElo "2476"]
[EventDate "2010.04.05"]

1. e4 c6 2. d4 d5 3. Nd2 dxe4 4. Nxe4 Bf5 5. Ng3 Bg6 6. h4 h6 7. Nf3 Nd7 8.
h5 Bh7 9. Bd3 Bxd3 10. Qxd3 Ngf6 11. Bd2 Qc7 12. O-O-O e6 13. Qe2 c5 14.
Kb1 Be7 15. Bc1 O-O 16. d5 exd5 17. Nf5 Bd6 18. N3h4 Rfe8 19. Qf3 Bf8 20.
g4 Qb6 21. Ka1 Re4 22. Rhg1 Qa6 23. g5 hxg5 24. Rxg5 Qe2 25. Nh6+ Kh8 26.
Nxf7+ Kg8 27. Nh6+ Kh8 28. Ng6+ Kh7 29. Qf5 1-0

[Event "12th Open"]
[Site "Dubai UAE"]
[Date "2010.04.10"]
[Round "5"]
[White "Laxman,R"]
[Black "Safarli,E"]
[Result "0-1"]
[WhiteElo "2485"]
[BlackElo "2606"]
[EventDate "2010.04.05"]

1. Nf3 Nf6 2. c4 g6 3. Nc3 d5 4. cxd5 Nxd5 5. e4 Nxc3 6. dxc3 Qxd1+ 7. Kxd1
f6 8. Kc2 e5 9. Be3 Nd7 10. Rd1 Nc5 11. Nd2 Bd7 12. f3 h5 13. h4 a5 14. b3
Ne6 15. g3 Bc5 16. Nc4 b5 17. Bxc5 Nxc5 18. Ne3 c6 19. Bh3 Bxh3 20. Rxh3
Ke7 21. a3 Rhd8 22. Rxd8 Rxd8 23. b4 axb4 24. axb4 Nb7 25. Rh1 Ra8 26. Kb2
Nd6 27. Ra1 Rxa1 28. Kxa1 Ke6 29. Kb1 f5 30. exf5+ Nxf5 31. Nf1 Kd5 32. Kc2
e4 33. f4 c5 0-1

[Event "12th Open"]
[Site "Dubai UAE"]
[Date "2010.04.10"]
[Round "5"]
[White "Khader,Sam"]
[Black "Aleksandrov,A"]
[Result "0-1"]
[WhiteElo "2466"]
[BlackElo "2601"]
[EventDate "2010.04.05"]

1. e4 e5 2. f4 exf4 3. Nf3 d6 4. d4 g5 5. h4 g4 6. Ng1 Qf6 7. Nc3 Ne7 8.
Nge2 Bh6 9. g3 fxg3 10. Nxg3 Bxc1 11. Rxc1 Nbc6 12. Nb5 Qf4 13. Rg1 Kd8 14.
Nc3 Nxd4 15. Qxd4 Qxc1+ 16. Nd1 Re8 17. Bb5 Bd7 18. Bxd7 Kxd7 19. Rf1 f5
20. Nh5 Rad8 21. Nf6+ Kc8 22. Qa4 Nc6 23. Nxe8 Rxe8 24. Rxf5 Qh6 25. h5 g3
26. Qc4 g2 27. Kf2 Qd2+ 28. Kg1 Qxd1+ 0-1

[Event "12th Open"]
[Site "Dubai UAE"]
[Date "2010.04.10"]
[Round "5"]
[White "Ghane,S"]
[Black "Arutinian,D"]
[Result "0-1"]
[WhiteElo "2375"]
[BlackElo "2576"]
[EventDate "2010.04.05"]

1. d4 g6 2. c4 Bg7 3. e4 d6 4. Nc3 e5 5. Be3 exd4 6. Bxd4 Nf6 7. f3 O-O 8.
Nge2 Nc6 9. Be3 Ne5 10. Nf4 c6 11. Be2 Qe7 12. O-O g5 13. Nd3 Nh5 14. Qc1
h6 15. g4 Nf6 16. Nf2 Be6 17. b3 Ng6 18. Nh1 d5 19. Ng3 dxe4 20. Ncxe4 Nxe4
21. Nxe4 b6 22. Bd3 Ne5 23. Bc2 f5 24. Nxg5 hxg5 25. Bxg5 Qf7 26. Qe1 fxg4
27. Qh4 Bf5 28. fxg4 Bxc2 29. Rxf7 Rxf7 30. Rf1 Raf8 31. Bf4 Ng6 0-1

[Event "12th Open"]
[Site "Dubai UAE"]
[Date "2010.04.10"]
[Round "5"]
[White "Karavade,E"]
[Black "Gupta,Ab"]
[Result "0-1"]
[WhiteElo "2366"]
[BlackElo "2560"]
[EventDate "2010.04.05"]

1. d4 d5 2. c4 c6 3. Nc3 Nf6 4. e3 g6 5. Nf3 Bg7 6. Be2 O-O 7. O-O dxc4 8.
Bxc4 Nbd7 9. Qe2 Nb6 10. Bb3 a5 11. a4 Bg4 12. Rd1 Nfd7 13. e4 e5 14. dxe5
Qe7 15. h3 Bxf3 16. Qxf3 Nc5 17. Bc2 Bxe5 18. Bh6 Rfd8 19. Rxd8+ Rxd8 20.
Rd1 Nc4 21. Bc1 Ne6 22. Rxd8+ Qxd8 23. Qd3 Qd4 24. Qxd4 Bxd4 25. Nd1 b5 26.
axb5 cxb5 27. b3 Nd6 28. Kf1 Nc5 29. e5 Bxe5 30. Be3 Ne6 31. Ke2 f5 32. Bb6
Nd4+ 33. Kd3 Nc6 34. Ne3 Kf7 35. Nd5 Nc8 36. Bc5 Ke6 37. Nc3 Bd6 38. Be3
N8a7 39. Bd1 Be5 40. f4 Nb4+ 41. Ke2 Bxc3 42. Bxa7 Nd5 43. Kf3 Bd2 44. Bb8
Nc3 45. Bc2 Kd5 46. Be5 Ne4 47. Ke2 Bb4 48. Ke3 Bc5+ 49. Kf3 Bd6 50. Bb2
Nc5 51. g4 Ne4 52. Ke3 h5 53. gxf5 gxf5 54. Bg7 Bc5+ 55. Kf3 h4 56. Ke2 Be7
57. Ke3 Bd6 58. Kf3 Be7 59. Ke3 Bb4 60. Kf3 Bd2 61. Bf8 Bc3 62. Ke3 Bf6 63.
Kf3 Kd4 64. Bh6 Kc3 65. Bxe4 fxe4+ 66. Kxe4 Kxb3 67. Bg5 Bg7 68. f5 a4 69.
f6 Bf8 70. f7 a3 71. Bf6 b4 72. Kd5 a2 73. Ke6 Kc2 74. Kd7 b3 75. Ke8 Bh6
76. Bg5 a1=Q 0-1

[Event "12th Open"]
[Site "Dubai UAE"]
[Date "2010.04.10"]
[Round "5"]
[White "Mammadov,Z"]
[Black "Lopez Martinez,Josep"]
[Result "1-0"]
[WhiteElo "2276"]
[BlackElo "2548"]
[EventDate "2010.04.05"]

1. e4 c6 2. d4 d5 3. e5 Bf5 4. h4 a6 5. Ne2 h6 6. Ng3 Bd7 7. Bd3 e6 8. Qg4
Qb6 9. O-O g6 10. h5 g5 11. c4 f5 12. exf6 Nxf6 13. Qe2 Qxd4 14. Bd2 Bd6
15. Nf5 Qe5 16. Nxd6+ Qxd6 17. Bg6+ Kd8 18. c5 Qxc5 19. Qe5 Ke7 20. Be3 Qa5
21. Nd2 b6 22. b4 Qxb4 23. Rab1 Qd6 24. Qc3 e5 25. Bxb6 Ke6 26. Bc5 Qc7 27.
f4 1-0

[Event "12th Open"]
[Site "Dubai UAE"]
[Date "2010.04.10"]
[Round "5"]
[White "Wageih,K"]
[Black "Savchenko,S"]
[Result "1/2-1/2"]
[WhiteElo "2268"]
[BlackElo "2526"]
[EventDate "2010.04.05"]

1. d4 d5 2. Nf3 Nf6 3. c4 c6 4. cxd5 cxd5 5. Nc3 Nc6 6. Bf4 a6 7. e3 Bg4 8.
Be2 e6 9. O-O Bd6 10. Bxd6 Qxd6 11. Rc1 O-O 12. h3 Bxf3 13. Bxf3 Rac8 14.
Qe2 b5 15. Rfd1 Ne7 16. Rc2 Rc7 17. Rdc1 Rfc8 18. Nb1 Rxc2 19. Rxc2 Rxc2
20. Qxc2 Qc6 21. Qxc6 Nxc6 22. Be2 Ne4 23. a4 Nd6 24. axb5 axb5 25. Nc3 b4
26. Na4 Kf8 27. Kf1 Ke7 28. Bd3 g6 29. Ke2 Nc4 30. Kd1 1/2-1/2

[Event "12th Open"]
[Site "Dubai UAE"]
[Date "2010.04.10"]
[Round "5"]
[White "Shanava,K"]
[Black "Hejazipour,M"]
[Result "1-0"]
[WhiteElo "2544"]
[BlackElo "2216"]
[EventDate "2010.04.05"]

1. e4 c5 2. Nf3 e6 3. d4 cxd4 4. Nxd4 a6 5. Nc3 Qc7 6. Bd3 Nf6 7. f4 b5 8.
e5 b4 9. Ne4 Nxe4 10. Bxe4 Bb7 11. Qf3 Bxe4 12. Qxe4 Nc6 13. Nxc6 Qxc6 14.
Qxc6 dxc6 15. Ke2 O-O-O 16. a3 bxa3 17. b3 Kb7 18. Bxa3 Rd7 19. Bxf8 Rxf8
20. Rhd1 Rfd8 21. Rxd7+ Rxd7 22. g4 Kb6 23. Ke3 Rd5 24. Rf1 a5 25. Ra1 Rb5
26. h4 Rd5 27. h5 Rb5 28. h6 g6 29. Rf1 Rd5 30. Ra1 Rb5 31. Kf3 Kc7 32. Kg3
Kd7 33. Kh4 Ke7 34. c4 Rc5 35. g5 Kd7 36. Ra4 Kc7 37. Kg4 Kb6 38. Kf3 Kb7
39. Ke4 Kc7 40. Kd4 Kb6 41. Ra1 1-0

[Event "12th Open"]
[Site "Dubai UAE"]
[Date "2010.04.10"]
[Round "5"]
[White "Balogh,C"]
[Black "Tejas,R"]
[Result "1-0"]
[WhiteElo "2622"]
[BlackElo "2165"]
[EventDate "2010.04.05"]

1. e4 e6 2. d4 d5 3. Nd2 Nf6 4. e5 Nfd7 5. f4 c5 6. c3 Nc6 7. Ndf3 Qb6 8.
a3 a5 9. b3 Be7 10. h4 h5 11. Nh3 f5 12. exf6 Nxf6 13. Bd3 Ne4 14. Be3 Bd7
15. O-O O-O-O 16. Qc2 Ng3 17. Rfe1 cxd4 18. cxd4 Rhf8 19. Bf2 Nf5 20. Nhg5
Kb8 21. Nxe6 Bxe6 22. Rxe6 Nd6 23. Ne5 Bf6 24. Rc1 Na7 25. Bg6 Ka8 26. Qc5
Qxc5 27. dxc5 Ndb5 28. c6 bxc6 29. Nxc6 Rc8 30. Rc2 Nxc6 31. Rexc6 Rxc6 32.
Rxc6 Nd4 33. Ra6+ Kb7 34. Bd3 Nc6 35. Bb5 Ne7 36. Rxa5 d4 37. Bd3 Rc8 38.
Rb5+ Kc6 39. Rxh5 Kd6 40. Bc4 g6 41. Ra5 Nc6 42. Ra6 Kc5 43. Be2 Bg7 44.
b4+ 1-0

[Event "12th Open"]
[Site "Dubai UAE"]
[Date "2010.04.10"]
[Round "5"]
[White "Mona,K"]
[Black "Padmini,R"]
[Result "0-1"]
[WhiteElo "2111"]
[BlackElo "2319"]
[EventDate "2010.04.05"]

1. d4 Nf6 2. Nf3 g6 3. Bf4 Bg7 4. e3 O-O 5. h3 d6 6. c4 c5 7. Nc3 Qb6 8.
Qc1 Nh5 9. Bh2 f5 10. Nd5 Qd8 11. dxc5 e6 12. Bxd6 exd5 13. Bxf8 Kxf8 14.
Qd2 Nf6 15. cxd5 Ne4 16. Qb4 Qxd5 17. Rd1 Nc6 18. Rxd5 Nxb4 19. Rd8+ Ke7
20. Rg8 Bf8 21. Rh8 Nf6 22. Ng5 Bg7 23. Rxh7 Nxh7 24. Nxh7 Bxb2 25. Bc4 Bd7
26. O-O Rc8 27. a3 Rxc5 28. Rb1 Bxa3 29. Be2 Rc1+ 0-1

[Event "12th Open"]
[Site "Dubai UAE"]
[Date "2010.04.10"]
[Round "5"]
[White "Arizmendi Martinez,J"]
[Black "Kulkarni,C"]
[Result "1-0"]
[WhiteElo "2531"]
[BlackElo "2301"]
[EventDate "2010.04.05"]

1. d4 Nf6 2. c4 g6 3. Nc3 d5 4. cxd5 Nxd5 5. e4 Nxc3 6. bxc3 c5 7. Bc4 Bg7
8. Ne2 O-O 9. O-O Nc6 10. Be3 Bd7 11. Rb1 a6 12. dxc5 Na5 13. Bd3 Be6 14.
Rb4 Rb8 15. Nd4 Bd7 16. Qe2 Nc6 17. Rb6 Ne5 18. Rfb1 Qc7 19. h3 Nxd3 20.
Qxd3 e5 21. Nc2 a5 22. Na3 Bc6 23. Nb5 Qe7 24. Na7 Rbd8 25. Qc4 Rd7 26.
Nxc6 bxc6 27. Rxc6 Rfd8 28. Rcb6 1-0

[Event "12th Open"]
[Site "Dubai UAE"]
[Date "2010.04.10"]
[Round "5"]
[White "Makropoulou,M"]
[Black "Bajarani,U"]
[Result "0-1"]
[WhiteElo "2225"]
[BlackElo "2395"]
[EventDate "2010.04.05"]

1. e4 e6 2. d4 d5 3. Nd2 Nf6 4. e5 Nfd7 5. Bd3 c5 6. c3 Nc6 7. Ngf3 g6 8.
h4 h6 9. Qe2 Bg7 10. O-O Qb6 11. c4 Nxd4 12. Nxd4 cxd4 13. cxd5 Nxe5 14.
Bb5+ Bd7 15. Bxd7+ Nxd7 16. Nc4 Qa6 17. dxe6 fxe6 18. Bf4 O-O 19. Bd6 Rfe8
20. Bg3 e5 21. Rac1 Rac8 22. b3 Nb6 23. Qe4 Nxc4 24. Rxc4 Rxc4 25. bxc4 Qc6
26. Qxc6 bxc6 27. Rb1 e4 28. Kf1 d3 29. Bf4 Rf8 30. Be3 Rf7 31. Ke1 Be5 32.
a4 h5 33. Kd2 Bc7 34. Bd4 Bf4+ 35. Kc3 Rd7 36. c5 Kf7 37. Kc4 Ke6 38. g3
Be5 39. Be3 Kf5 40. a5 a6 41. Rb6 d2 42. Bxd2 Rxd2 43. Rxa6 Rc2+ 44. Kb4
Rxf2 0-1

[Event "12th Open"]
[Site "Dubai UAE"]
[Date "2010.04.10"]
[Round "5"]
[White "Berezina,I"]
[Black "Foisor,C"]
[Result "1-0"]
[WhiteElo "2239"]
[BlackElo "2433"]
[EventDate "2010.04.05"]

1. d4 g6 2. Nf3 Bg7 3. c4 c5 4. d5 d6 5. g3 a6 6. a4 e6 7. Bg2 Ne7 8. O-O
O-O 9. Nc3 exd5 10. cxd5 Nd7 11. Bf4 Ne5 12. Nxe5 dxe5 13. Be3 c4 14. a5
Bf5 15. Qd2 Qd7 16. Rfd1 h5 17. Na4 Qb5 18. Bc5 Rfe8 19. e4 Bg4 20. f3 Bd7
21. Bf1 Rac8 22. Be3 Qb3 23. Nb6 Red8 24. Rdc1 Kh7 25. Bxc4 Rxc4 26. Rxc4
Nxd5 27. exd5 e4 28. fxe4 Bb5 29. Rb4 Qd3 30. Qxd3 Bxd3 31. Rd1 Be2 32. Re1
Bg4 33. Bd4 Bh6 34. Be3 Bg7 35. Kg2 1-0

[Event "12th Open"]
[Site "Dubai UAE"]
[Date "2010.04.10"]
[Round "5"]
[White "Shyam,SM"]
[Black "Ghader Pour,S"]
[Result "1/2-1/2"]
[WhiteElo "2372"]
[BlackElo "2213"]
[EventDate "2010.04.05"]

1. e4 c5 2. Nf3 e6 3. d4 cxd4 4. Nxd4 a6 5. Bd3 Bc5 6. Nb3 Ba7 7. Qe2 Nc6
8. c4 d6 9. Nc3 Nge7 10. Be3 e5 11. O-O O-O 12. Rfd1 Be6 13. Rd2 Bxe3 14.
Qxe3 b5 15. Nd5 bxc4 16. Bxc4 a5 17. Rad1 a4 18. Nxe7+ Qxe7 19. Bxe6 fxe6
20. Nc1 Nd4 21. Ne2 Nb5 22. Nc3 Nxc3 23. Qxc3 Rfc8 24. Qb4 Ra6 25. g3 Rcc6
26. Qb8+ Qf8 27. Qb7 Qf7 28. Qb8+ Qf8 29. Qb7 Qf7 1/2-1/2

[Event "12th Open"]
[Site "Dubai UAE"]
[Date "2010.04.10"]
[Round "5"]
[White "Arun Prasad,S"]
[Black "Tawfeik,Mou"]
[Result "1-0"]
[WhiteElo "2549"]
[BlackElo "2150"]
[EventDate "2010.04.05"]

1. d4 g6 2. c4 Bg7 3. Nc3 d6 4. e4 Nf6 5. Nf3 O-O 6. Be2 Bg4 7. O-O Nc6 8.
Be3 e5 9. d5 Bxf3 10. Bxf3 Ne7 11. c5 Ne8 12. Qb3 b6 13. cxb6 cxb6 14. Rfc1
Nc7 15. a4 f5 16. Qa3 f4 17. Bd2 a5 18. Nb5 Nxb5 19. axb5 Qd7 20. Rc2 Rac8
21. Rxc8 Rxc8 22. b4 a4 23. Qxa4 Rc4 24. Qb3 Qc7 25. g3 g5 26. Bg4 Bf6 27.
Ra7 Qxa7 28. Qxc4 fxg3 29. hxg3 Qa1+ 30. Kg2 Qd4 31. Qc2 Kg7 32. Be2 Qa1
33. Be3 Qa7 34. Bg4 Kg6 35. Qd1 Kg7 36. Be6 Kg6 37. Bg4 Kg7 38. Bh5 Kf8 39.
Qg4 Ng6 40. Qe6 Be7 41. Bxg6 hxg6 42. Qxg6 Qa4 43. Qf5+ Ke8 44. Qg6+ Kd7
45. Qe6+ Kd8 46. Bxb6+ Ke8 47. Bc5 Qc2 48. Be3 Qe2 49. b6 g4 50. Qf5 Kd8
51. b7 Qf3+ 52. Kh2 Qxf5 53. Bb6+ 1-0